Living confidently. (Record no. 12672)

000 -LEADER
fixed length control field 00533nam a2200181 a 4500
001 - CONTROL NUMBER
control field :::00010486$&:&@@
003 - CONTROL NUMBER IDENTIFIER
control field OkBaRHE
005 - DATE AND TIME OF LATEST TRANSACTION
control field 20000607103359.0
008 - FIXED-LENGTH DATA ELEMENTS--GENERAL INFORMATION
fixed length control field s1984 j 000 0 eng u
040 ## - CATALOGING SOURCE
Transcribing agency
100 1# - MAIN ENTRY--PERSONAL NAME
Personal name Smith, Hannah Whitall.
245 10 - TITLE STATEMENT
Title Living confidently.
260 ## - PUBLICATION, DISTRIBUTION, ETC. (IMPRINT)
Place of publication, distribution, etc Springdale, PA., :
Name of publisher, distributor, etc Whitaker House
Date of publication, distribution, etc c1984
300 ## - PHYSICAL DESCRIPTION
Extent 284 p. ;
Dimensions 18 cm.
650 ## - SUBJECT ADDED ENTRY--TOPICAL TERM
Topical term or geographic name as entry element Christian Life
942 ## - ADDED ENTRY ELEMENTS (KOHA)
Source of classification or shelving scheme
Koha item type Books
Copies
Copy number Not for loan Lost status Date acquired Barcode Permanent Location Withdrawn status Price effective from Full call number Source of classification or shelving scheme Shelving location Koha item type Date last seen Damaged status
1  2010-04-1410486RHEMA Bible Training College 2010-04-14BV 4501 .L5S6 General StacksBooks2010-04-14